A questão regional urbana sob a ótica das desigualdades territoriais / (Record no. 1085)

MARC details
000 -LÍDER
Campo Fixo de Controle 00788nam a2200241 a 4500
001 - NÚMERO DE CONTROLE
Campo de Controle 1085
003 - IDENTIFICAÇÃO DO NÚMERO DE CONTROLE
Campo de Controle BR-CuiBMT
005 - DATA E HORA DA ÚLTIMA ATUALIZAÇÃO
Campo de Controle 20231128165752.0
008 - DADOS FIXOS
Dados Fixos 231128s2005 mtba 000 0 por d
020 ## - INTERNATIONAL STANDARD BOOK NUMBER
Nº do ISBN 8589898318
040 ## - AGÊNCIA CATALOGADORA
Código da Agência Catalogadora BR-CuiBMT
Agência que transcreveu o registro BR-CuiBMT
080 ## - Nº DA CLASSIFICAÇÃO DECIMAL UNIVERSAL
Nº edição CDU 2007
Nº Class. CDU 332.146
Subd. Auxiliar Comum (817.2)
090 ## - NÚMERO DE CHAMADA
Nº classificação 332.146(817.2)
Cutter A485q
100 1# - ENTRADA PRINCIPAL -- AUTOR PESSOAL
Nome pessoal Amaral, Álvaro Lucas do
245 12 - TÍTULO PRINCIPAL
Título principal A questão regional urbana sob a ótica das desigualdades territoriais /
Indicação de responsabilidade Álvaro Lucas do Amaral.
260 ## - PUBLICAÇÃO, DISTRIBUIÇÃO, ETC.
Local de publicação Cáceres :
Editora Unemat,
Data 2005.
300 ## - DESCRIÇÃO FÍSICA
N. páginas ou volumes 1801 p. :
Ilustrações il., algumas color. ;
Dimensões 20 cm
504 ## - NOTA DE BIBLIOGRAFIA, ETC.
Nota de bibliografia Inclui bibliografia.
650 ## - ASSUNTO TÓPICO
Cabeçalho tópico ou nome geográfico Desenvolvimento regional
Subdivisão geográfica Mato Grosso
650 ## - ASSUNTO TÓPICO
Cabeçalho tópico ou nome geográfico Política econômica
Subdivisão geográfica Mato Grosso
650 ## - ASSUNTO TÓPICO
Cabeçalho tópico ou nome geográfico Desigualdades regionais
Subdivisão geográfica Mato Grosso
942 ## - ELEMENTOS DE ENTRADA ADICIONAIS (KOHA)
Fonte de classificação ou esquema de arquivamento Classificação Decimal Universal
Tipo de item do Koha Livros
Holdings
Estado: removido Estado: perdido Fonte de classificação ou esquema de arquivamento Estado: danificado Indisponível para empréstimo Localização permanente Localização atual Data de aquisição Total Checkouts Número de Chamada completo Código de barras Date last seen Número do exemplar Preço efetivo a partir de Tipo de item (Koha)
    Classificação Decimal Universal     Biblioteca da Escola Superior de Contas do TCE/MT Biblioteca da Escola Superior de Contas do TCE/MT 28/11/2023   332.146(817.2) A485q BIBTCEMT23111244 28/11/2023 Ex. 1 28/11/2023 Livros

Powered by Koha